Νεοελληνική γραμματική (της δημοτικής)

Αποθηκεύτηκε σε:
Λεπτομέρειες βιβλιογραφικής εγγραφής
Μορφή: Βιβλίο
Γλώσσα:Greek
Δημοσίευση: Εν Αθήναις : Οργανισμός Εκδόσεως Σχολικών Βιβλίων, 1941.
Θέματα:
Ετικέτες: Προσθήκη ετικέτας
Δεν υπάρχουν, Καταχωρήστε ετικέτα πρώτοι!

MARC

LEADER 00000cam a2200000 a 4500
001 1/125018
008 220608s1941####gr | ||| |||| ||gre||
040 |a GR-MyUa  |b gre  |c GR-MyUa  |e AACR2 
041 0 |a gre 
082 7 |a 489.35   |2 (23) 
245 0 0 |a Νεοελληνική γραμματική (της δημοτικής) /  
260 |a Εν Αθήναις :   |b Οργανισμός Εκδόσεως Σχολικών Βιβλίων,   |c 1941.  
300 |a 441 σ. ;   |c 21 εκ.  
650 0 |a Greek language, Modern  |x Grammar. 
650 0 |a Greek language, Modern  |x Grammar  |x Study and teaching. 
852 |a INST  |b RHODES  |c AKA  |e 20220608  |h 489.35 ΝΕΟ  |p 005400042903  |q 005400042903  |t BK  |y 0 
970 |z 08-06-2022